| 000 | 00000nas 2200000za 4500 |
| 001 | 9.500646 |
| 003 | CaOODSP |
| 005 | 20221107132906 |
| 007 | cr ||||||||||| |
| 008 | 150406c19989999oncar p oss f0 b0fre|d |
| 020 | |z0-662-64137-X |
| 022 | |a1702-0964 |
| 040 | |aCaOODSP|bfre |
| 041 | |aeng|afre |
| 043 | |an-cn--- |
| 086 | 1 |aR31-3-PDF|zR31-3/1998 |
| 130 | 0 |aRegistered Indian population by sex and residence (En ligne) |
| 210 | 0 |aRegist. Indian pop. sex resid. |b(Online) |
| 222 | 0|aRegistered Indian population by sex and residence |b(Online) |
| 245 | 10|aRegistered Indian population by sex and residence |h[ressource électronique] = |bPopulation indienne inscrite selon le sexe et la résidence. |
| 246 | 1 |iLes livr. de 1998-1999 comportent le titre parallèle français: |aPopulation indienne inscrite selon le sexe et la résidence |
| 260 | |aOttawa : |bInformation Management Branch, Dept. of Indian Affairs and Northern Development = Direction générale de la gestion de l'information, Ministère des affaires indiennes et du Nord canadien, |c1999- |
| 310 | |aAnnuel |
| 362 | 0 |a1998- |
| 546 | |aTexte en anglais et en français, 1998-1999; texte en anglais seulement, 2000- |
| 691 | 07|aAutochtones|2gcpds |
| 691 | 07|aPopulation|2gcpds |
| 710 | 1 |aCanada.|bAffaires indiennes et du Nord Canada. |bDirection générale de la gestion de l'information. |
| 780 | 00|tIndian register, population by sex and residence for registry groups, responsibility centres, regions and Canada, December 31, ... |w(CaOODSP)9.836155 |
| 785 | 00|tPopulation indienne inscrite selon le sexe et la résidence |w(CaOODSP)9.502651 |
| 791 | |tRegistered Indian population by sex and residence |eeng|w(CaOODSP)9.506255 |